000 01005 a2200277 4500
005 20160301125016.0
008 160301s2015 ck ||||fr|||| 000 0 spa d
020 _a9789585930308
040 _aCO-BoUCM
_bspa
_cSaul Niño
_dSaul Niño
041 0 _aspa
245 0 0 _aManual de propiedad intelectual
_cEduardo Varela Pezzano (Edit.)
246 3 0 _aIntellectual property handbook
260 _bCavelier abogados
_c2015
_aBogotá (Colombia)
300 _a335 páginas
546 _aTexto en ingles y español
650 7 _912862
_aDerechos de autor
650 7 _912717
_aDerecho comercial
650 7 _922585
_aPropiedad intelectual
650 7 _97983
_aPropiedad industrial
_xLegislación
650 7 _921158
_aPatentes de invención
_xLegislación
690 0 _aDerecho privado
_9437
700 1 _aVarela Pezzano, Eduardo
_eeditor
_942551
700 1 _aAgudelo Megalhaes, Melissa
_etraductor
_975951
942 _cLIBRO
_2DEWEY
_a8
_e1
_h346.0482
_mI611pr
999 _c302771
_d302771